Kenya : (Record no. 15084)

MARC details
000 -LEADER
fixed length control field 00533cam a22001932 4500
001 - CONTROL NUMBER
control field 0000009408
005 - DATE AND TIME OF LATEST TRANSACTION
control field 20151217161140.0
008 - FIXED-LENGTH DATA ELEMENTS--GENERAL INFORMATION
fixed length control field 081020s xx 000 0 eng d
020 ## - INTERNATIONAL STANDARD BOOK NUMBER
Terms of availability Donation
040 ## - CATALOGING SOURCE
Original cataloging agency KABU
Transcribing agency KABU
245 10 - TITLE STATEMENT
Title Kenya :
Remainder of title tourism guide 2007/2008.
250 ## - EDITION STATEMENT
Edition statement 3rd ed.
260 ## - PUBLICATION, DISTRIBUTION, ETC. (IMPRINT)
Place of publication, distribution, etc. Nairobi :
Name of publisher, distributor, etc. Kenya Postel Directories,
Date of publication, distribution, etc. 2008.
300 ## - PHYSICAL DESCRIPTION
Extent 240 p.
650 #0 - SUBJECT ADDED ENTRY--TOPICAL TERM
Topical term or geographic name as entry element Tourism
General subdivision Guidebooks
Geographic subdivision Kenya.
-- 0000160833
908 ## - PUT COMMAND PARAMETER (RLIN)
Put command parameter 081020
950 ## - LOCAL HOLDINGS (RLIN)
-- 1
Holdings
Withdrawn status Lost status Source of classification or shelving scheme Not for loan Home library Current library Date acquired Total Checkouts Full call number Barcode Date last seen Price effective from Koha item type
    Library of Congress Classification Not For Loan Kabarak, Main Campus Kabarak, Main Campus 17/12/2015   G155 .K4K46 2008 c. 1 15022 17/12/2015 17/12/2015 Reference
Designed with assistance from East African Informatics Ltd